00725nam a2200193 u 450000100100000000500170001000800410002704000250006804100390009308200150013210000320014724500970017926000640027630000210034070000310036104900090039295201130040199900170051400002522720200930023637.0110209s|||| xxu r 000 | spa d aDO-SdBNPbspacBNPHU17aspaheng2Código de idiomas MARC axxxbB863h1 aBroadus, John Albert95170610aHistoria de la predicación :bdiscursos /cJohn Albert Broadus; traducción José Rivas. aEl Paso, Texas :bCasa Bautista de Publicaciones,c[s. l.]. a160 p. ;c19 cm.1 aRivas, José,etr.942247 aBNGR 001050718MOaGRbGRcCTd2011-02-11iLF1l0oxxx B863hp25227-10r2020-06-25w2020-06-25y1ZNo se presta c24720d24720